| 000 | 00362nam a2200145Ia 4500 | ||
|---|---|---|---|
| 008 | 150201s2014 xx 000 0 und d | ||
| 082 |
_a612 _bR14W |
||
| 100 | _aWEST, JOHN B. | ||
| 245 | _aRESPIRATORY PHYSIOLOGY THE ESSENTIALS | ||
| 250 | _a9TH | ||
| 260 |
_bWOLTERS KLUWER _aDELHI _c2014 |
||
| 300 | _a1-200 | ||
| 650 | _aHUMAN PHYSIOLOGY | ||
| 942 |
_2ddc _cBK _01 |
||
| 999 |
_c1671 _d1671 |
||